000 00576nam a22001937a 4500
003 OSt
005 20240706031416.0
008 240706b |||||||| |||| 00| 0 eng d
020 _a978-621-416-033-4
040 _aDWC- Main Lib
_cOC
082 _aFil. 657 V172t 2018
100 _aValix T. Conrado
245 _aTheory financial accounting /
_cValix T. Conrado
250 _a2018 edition
260 _aManila, Philippines:
_bGIC Enterprises & CO., Inc.
_cc2018.
300 _aviii, 919 pages :
_billustration ;
_c23cm.
650 _a1. Accounting
942 _2ddc
_cBK - FIL
_n1
999 _c2052
_d2052